Normal view
MARC view
- Talib Al Hashmi
Entry Personal Name
001 - CONTROL NUMBER
- control field: 82265
003 - CONTROL NUMBER IDENTIFIER
- control field: NUST
005 - DATE AND TIME OF LATEST TRANSACTION
- control field: 20210908145546.0
008 - FIXED-LENGTH DATA ELEMENTS
- fixed length control field: 210908|| aca||aabn | a|a d
040 ## - CATALOGING SOURCE
- Original cataloging agency: NUST
- Transcribing agency: NUST
100 ## - HEADING--PERSONAL NAME
- Personal name: Talib Al Hashmi
670 ## - SOURCE DATA FOUND
- Source citation: Work cat.: (NUST): Talib Al Hashmi, Sultan Noor Ud Din Mehmood Zangi, 2019.
